| 000 | 01208cad a22002175a 4500 | ||
|---|---|---|---|
| 001 | E147008 | ||
| 008 | 090323s2009 xxk f 000 0 eng d | ||
| 035 | _a(Sirsi) u147008 | ||
| 041 | 0 | _aeng | |
| 050 | 0 | 4 | _a333.33 $2 18 |
| 110 | 2 |
_aJones Lang LaSalle _93755 |
|
| 245 | 0 | 0 |
_aEuropean industrial markets, Spring 2009 _bEuropean industrial markets, where next? _h[electronic resource] |
| 260 |
_a[S.l.] _bJLL _c2009 |
||
| 520 | _aPredicts that prices will remain under pressure in 2009, with mature liquid markets such as the UK and Germany being more able to adapt to changes. In 2008, investors concentrated on these markets, with around half of total investment being focussed on the UK and Germany, which offer large amounts of high quality stock in good locations with good occupancy levels. The logistics occupier market held up in 2008, however the recession is predicted to take a toll on occupier markets in 2009. | ||
| 521 | _aAdvanced | ||
| 590 | _aKA | ||
| 651 | 4 | _aEurope | |
| 690 | _aPROPERTY-COMMERCIAL PROPERTY-COMMERCIAL PROPERTY MARKET | ||
| 856 | 4 | 0 |
_uhttps://www.joneslanglasalle.eu _zView the report free of charge (requires registration) at www.joneslanglasalle.eu... |
| 942 | _n0 | ||
| 999 |
_c109395 _d109395 |
||